[Event "Collado Villalba op 39th"]
[Site "Collado Villalba"]
[Date "2022.08.20"]
[Round "1"]
[White "Quispe Arteaga, Gabriel"]
[Black "Torres Samper, Rafael"]
[Result "1-0"]
[WhiteElo "2372"]
[BlackElo "1859"]
[PlyCount "105"]
[EventDate "2022.08.20"]
[EventType "swiss"]
[EventRounds "9"]
[EventCountry "ESP"]
[SourceTitle "EXT 2023"]
[Source "ChessBase"]
[SourceDate "2022.10.05"]
[SourceVersion "1"]
[SourceVersionDate "2022.10.05"]
[SourceQuality "1"]

1. c4 f5 2. Nc3 Nf6 3. d4 e6 4. Qc2 d5 5. Bg5 c6 6. 0-0-0 Be7 7. f3 0-0 8. e3 Na6 9. Nh3 Nb4 10. Qb3 a5 11. a3 a4 12. Nxa4 b5 13. cxb5 cxb5 14. Nc5 Na6 15. Nxa6 Bxa6 16. Bxf6 Rxf6 17. Nf4 b4 18. Bxa6 bxa3 19. Bb7 axb2+ 20. Kd2 Rb8 21. Rb1 Qa5+ 22. Ke2 Ba3 23. Nxd5 Rf7 24. Nf4 Rfxb7 25. Qxe6+ Kh8 26. d5 Rc7 27. Qxf5 Rbc8 28. Kf2 Qd2+ 29. Kg3 Rc2 30. Rhd1 Qf2+ 31. Kh3 Rf8 32. Qg5 Rf6 33. Rf1 Qxf1 34. Rxf1 Rc1 35. Nh5 Rf7 36. Qd8+ Rf8 37. Qd7 Rg8 38. Qb5 Rgc8 39. d6 b1Q 40. Qxb1 Rxb1 41. d7 Rbb8 42. dxc8Q+ Rxc8 43. Rd1 h6 44. Rd7 Bb2 45. e4 Kh7 46. Ng3 Kg6 47. Nf5 Rc2 48. Rd6+ Kf7 49. Ra6 Bf6 50. Ne3 Re2 51. Ra7+ Ke6 52. Nd5 Bd4 53. Rxg7 1-0

[Event "Madrid San Viator op-A 30th"]
[Site "Madrid"]
[Date "2018.05.13"]
[Round "5"]
[White "Torres Samper, Rafael"]
[Black "Herranz Suarez, David"]
[Result "1-0"]
[WhiteElo "1920"]
[BlackElo "1472"]
[PlyCount "115"]
[EventDate "2018.04.08"]
[EventType "swiss"]
[EventRounds "9"]
[EventCountry "ESP"]
[SourceTitle "EXT 2019"]
[Source "ChessBase"]
[SourceDate "2018.10.10"]
[SourceVersion "1"]
[SourceVersionDate "2018.10.10"]
[SourceQuality "1"]

1. e4 c5 2. Nf3 Nc6 3. d4 cxd4 4. Nxd4 Nf6 5. Nc3 e5 6. Ndb5 d6 7. Bg5 a6 8. Na3 Be6 9. Nd5 Bxd5 10. exd5 Qa5+ 11. c3 Qxd5 12. Qxd5 Nxd5 13. 0-0-0 Nc7 14. Nc4 f6 15. Be3 0-0-0 16. Bb6 Rd7 17. Bc5 Kb8 18. Bxd6 Bxd6 19. Rxd6 Rhd8 20. Rxd7 Rxd7 21. Be2 Nd5 22. Rd1 Kc7 23. a4 Nf4 24. Rxd7+ Kxd7 25. Bf1 f5 26. b4 e4 27. Kd2 Kc7 28. g3 Nd5 29. Ne3 Nxe3 30. Kxe3 g6 31. h4 h6 32. f3 exf3 33. Kxf3 g5 34. Ke3 Kd6 35. Bg2 b6 36. Bxc6 Kxc6 37. Kd4 Kd6 38. c4 a5 39. bxa5 bxa5 40. h5 g4 41. c5+ Ke6 42. c6 Kd6 43. c7 Kxc7 44. Ke5 Kd7 45. Kxf5 Ke7 46. Kxg4 Kf6 47. Kf4 Ke6 48. Ke4 Kf6 49. Kd5 Kg5 50. Kc5 Kxh5 51. Kb5 Kg4 52. Kxa5 Kxg3 53. Kb6 h5 54. a5 h4 55. a6 h3 56. a7 h2 57. a8Q Kf2 58. Qh1 1-0

[Event "Madrid San Viator op-A 30th"]
[Site "Madrid"]
[Date "2018.04.08"]
[Round "1"]
[White "Torres Samper, Rafael"]
[Black "Casares Sanchez, Rodrigo"]
[Result "1-0"]
[WhiteElo "1920"]
[BlackElo "1702"]
[PlyCount "121"]
[EventDate "2018.04.08"]
[EventType "swiss"]
[EventRounds "9"]
[EventCountry "ESP"]
[SourceTitle "EXT 2019"]
[Source "ChessBase"]
[SourceDate "2018.10.10"]
[SourceVersion "1"]
[SourceVersionDate "2018.10.10"]
[SourceQuality "1"]

1. e4 e6 2. d4 d5 3. Nc3 Bb4 4. e5 c5 5. a3 Bxc3+ 6. bxc3 Ne7 7. Nf3 Qc7 8. Bd3 Nbc6 9. 0-0 Bd7 10. Re1 c4 11. Bf1 h6 12. a4 0-0-0 13. Ba3 Rdg8 14. Nd2 g5 15. Bxc4 dxc4 16. Nxc4 Be8 17. Nd6+ Kd8 18. c4 Qd7 19. Rb1 Na5 20. Qf3 g4 21. Qe4 Qc6 22. d5 exd5 23. cxd5 Qxa4 24. Nxf7+ Kc8 25. Qxa4 Bxa4 26. Nxh8 Nxd5 27. Nf7 Nc4 28. Nd6+ Nxd6 29. exd6 Bc6 30. c4 Nf4 31. g3 Nh3+ 32. Kf1 Ng5 33. Re7 Nf3 34. Ke2 Re8 35. Rxe8+ Bxe8 36. Bc1 Bg6 37. d7+ Kxd7 38. Rxb7+ Kc6 39. Rxa7 Ne5 40. Ra6+ Kd7 41. Rxg6 Nxg6 42. Bxh6 Ne5 43. Ke3 Nf3 44. Ke4 Nxh2 45. Kd5 Nf3 46. c5 Kc7 47. Bf4+ Kd7 48. c6+ Kc8 49. Ke4 Ne1 50. Kf5 Nd3 51. Be3 Kd8 52. Kxg4 Ne5+ 53. Kf5 Nxc6 54. Kf6 Ke8 55. Bc5 Nb8 56. Ba3 Nd7+ 57. Kg7 Nb6 58. f4 Nd5 59. f5 Ne3 60. f6 Nf5+ 61. Kg6 1-0

[Event "Crucero op 5th"]
[Site "Crucero"]
[Date "2016.10.22"]
[Round "1.7"]
[White "Torres Samper, Rafael"]
[Black "Pinos Cevallos, Belen"]
[Result "1-0"]
[WhiteElo "1938"]
[BlackElo "1454"]
[PlyCount "66"]
[EventDate "2016.10.22"]
[EventType "swiss"]
[EventRounds "8"]
[EventCountry "ESP"]
[SourceTitle "EXT 2024"]
[Source "ChessBase"]
[SourceDate "2023.10.10"]
[SourceVersion "1"]
[SourceVersionDate "2023.10.10"]
[SourceQuality "1"]

1. e4 c5 2. Nf3 Nc6 3. d4 cxd4 4. Nxd4 g6 5. Nc3 Bg7 6. Be3 Nf6 7. Bc4 0-0 8. Bb3 Ng4 9. Qxg4 Nxd4 10. Qd1 Nxb3 11. axb3 b6 12. Bd4 Bh6 13. h4 Bb7 14. h5 Bg7 15. hxg6 hxg6 16. Qd2 Bxd4 17. Qxd4 f6 18. 0-0-0 d6 19. Rh6 Kf7 20. Qc4+ Ke8 21. Rxg6 Rc8 22. Qb5+ Bc6 23. Qh5 Kd7 24. Rg7 Qc7 25. Qf5+ Kd8 26. e5 Bd7 27. Qh7 Re8 28. Nd5 Qc5 29. Rxe7 Rc7 30. Rxe8+ Bxe8 31. Nxc7 Qxc7 32. Rxd6+ Kc8 33. Qxc7+ Kxc7 1-0

[Event "Mar Menor op 7th"]
[Site "San Pedro del Pinatar"]
[Date "2016.01.23"]
[Round "5"]
[White "Torres Samper, Rafael"]
[Black "Porlan Minarro, Antonio"]
[Result "1-0"]
[WhiteElo "1939"]
[BlackElo "1916"]
[PlyCount "93"]
[EventDate "2016.01.22"]
[EventType "swiss"]
[EventRounds "7"]
[EventCountry "ESP"]
[SourceTitle "EXT 2019"]
[Source "ChessBase"]
[SourceDate "2018.10.10"]
[SourceVersion "1"]
[SourceVersionDate "2018.10.10"]
[SourceQuality "1"]

1. e4 c5 2. Nf3 Nf6 3. Nc3 d5 4. e5 Nfd7 5. d4 cxd4 6. Qxd4 e6 7. Bf4 Nc6 8. Qd2 Be7 9. Bd3 Nc5 10. 0-0-0 f5 11. exf6 gxf6 12. Rhe1 e5 13. Nxd5 Nxd3+ 14. Qxd3 exf4 15. Nxf6+ Kf7 16. Qc4+ Kxf6 17. Rxd8 Rxd8 18. Qxf4+ Kg7 19. Ng5 Rf8 20. Qc7 Bf5 21. Rxe7+ Nxe7 22. Qxe7+ Kg6 23. Ne6 Bxe6 24. Qxe6+ Kg7 25. Qe5+ Kg8 26. Qd5+ Rf7 27. f4 Re8 28. f5 Re1+ 29. Kd2 Rf1 30. g4 Rf2+ 31. Kc3 Rxh2 32. f6 Rh6 33. g5 Rg6 34. Qd8+ Rf8 35. Qe7 Rf7 36. Qd6 Rf8 37. Qe5 a6 38. a4 Rc8+ 39. Kb3 Rf8 40. Kb4 Rf7 41. Ka5 Rf8 42. b4 Rf7 43. b5 axb5 44. axb5 Rf8 45. c4 h6 46. Qe6+ Rf7 47. Qe8+ 1-0

[Event "Madrid San Viator op 25th"]
[Site "Madrid"]
[Date "2015.11.08"]
[Round "7"]
[White "Soderstrom, Henrik"]
[Black "Torres Samper, Rafael"]
[Result "0-1"]
[WhiteElo "1907"]
[BlackElo "1974"]
[PlyCount "38"]
[EventDate "2015.10.04"]
[EventType "swiss"]
[EventRounds "9"]
[EventCountry "ESP"]
[SourceTitle "CBM 169 Extra"]
[Source "ChessBase"]
[SourceDate "2015.12.18"]
[SourceVersion "1"]
[SourceVersionDate "2015.12.18"]
[SourceQuality "1"]

1. d4 f5 2. Nc3 Nf6 3. Bf4 e6 4. e3 Be7 5. d5 d6 6. dxe6 Bxe6 7. Nf3 0-0 8. Nd4 Qd7 9. Ncb5 Bf7 10. Nxf5 Qxf5 11. Nxc7 Qa5+ 12. Qd2 Qxc7 13. Bd3 Nc6 14. 0-0 Ne5 15. Be2 Ng6 16. Rfe1 Nxf4 17. exf4 d5 18. Bf3 Bc5 19. Rac1 Rfe8 0-1

[Event "Madrid San Viator op 25th"]
[Site "Madrid"]
[Date "2015.10.25"]
[Round "5"]
[White "Torres Samper, Rafael"]
[Black "Castro Morell, Daniel Eduardo"]
[Result "1-0"]
[WhiteElo "1974"]
[BlackElo "1858"]
[PlyCount "113"]
[EventDate "2015.10.04"]
[EventType "swiss"]
[EventRounds "9"]
[EventCountry "ESP"]
[SourceTitle "CBM 169 Extra"]
[Source "ChessBase"]
[SourceDate "2015.12.18"]
[SourceVersion "1"]
[SourceVersionDate "2015.12.18"]
[SourceQuality "1"]

1. e4 c5 2. Nf3 Nc6 3. d4 cxd4 4. Nxd4 e5 5. Nb5 d6 6. N1c3 a6 7. Na3 Be7 8. Nc4 b5 9. Ne3 Nf6 10. Ned5 0-0 11. Bg5 Nxd5 12. exd5 Bxg5 13. dxc6 Be6 14. Nd5 Rc8 15. a4 bxa4 16. c7 Qe8 17. Bxa6 Bxd5 18. Bxc8 Qb5 19. Ba6 Qxa6 20. Qxd5 Rc8 21. Qd3 Qa5+ 22. c3 Rxc7 23. 0-0 Be7 24. Qe4 Ra7 25. Rfd1 g6 26. Rd5 Qb6 27. Qe2 Qc6 28. Qb5 Qa8 29. h3 Kg7 30. c4 a3 31. bxa3 Rxa3 32. Rb1 Ra2 33. Qb7 Qe8 34. Qb5 Qc8 35. Qb3 Qa6 36. Rb5 Qa7 37. Rb2 Ra1+ 38. Kh2 Qd4 39. Rb7 Qf4+ 40. g3 Qf6 41. Kg2 Rc1 42. Rc2 Re1 43. Qc3 Rd1 44. Rd2 Rxd2 45. Qxd2 Qe6 46. Qd5 Qf6 47. Rb6 Qf5 48. Qf3 Qd7 49. Qd5 Qf5 50. g4 Qf4 51. Rb7 Qf6 52. Qf3 Qe6 53. Qe4 Qf6 54. f4 h6 55. fxe5 dxe5 56. Rb5 Bd6 57. c5 1-0

[Event "Collado Villalba op-A 32nd"]
[Site "Collado Villalba"]
[Date "2015.08.26"]
[Round "5"]
[White "Torres Samper, Rafael"]
[Black "Rodriguez Izquierdo, Luis"]
[Result "1-0"]
[WhiteElo "1971"]
[BlackElo "1854"]
[PlyCount "49"]
[EventDate "2015.08.22"]
[EventType "swiss"]
[EventRounds "9"]
[EventCountry "ESP"]
[SourceTitle "EXT 2016"]
[Source "ChessBase"]
[SourceDate "2015.10.08"]
[SourceVersion "1"]
[SourceVersionDate "2015.10.08"]
[SourceQuality "1"]

1. e4 c5 2. Nf3 e6 3. d4 cxd4 4. Nxd4 Nf6 5. Nc3 Nc6 6. Be3 Bb4 7. f3 d5 8. Bb5 Bd7 9. Bxc6 Bxc6 10. e5 Nd7 11. f4 Qh4+ 12. g3 Qh3 13. Qd2 Nc5 14. Nxc6 bxc6 15. Qd4 Qg2 16. 0-0-0 Na6 17. Rhg1 Qxh2 18. Ne4 0-0 19. Ng5 h6 20. Qd3 g6 21. Rh1 Qxg3 22. Rdg1 Nc5 23. Qe2 Qxg1+ 24. Bxg1 hxg5 25. Qh2 1-0

[Event "Collado Villalba op-A 32nd"]
[Site "Collado Villalba"]
[Date "2015.08.24"]
[Round "3"]
[White "Torres Samper, Rafael"]
[Black "Collazo Hidalgo Gato, Niala"]
[Result "0-1"]
[WhiteElo "1971"]
[BlackElo "2261"]
[PlyCount "46"]
[EventDate "2015.08.22"]
[EventType "swiss"]
[EventRounds "9"]
[EventCountry "ESP"]
[SourceTitle "EXT 2016"]
[Source "ChessBase"]
[SourceDate "2015.10.08"]
[SourceVersion "1"]
[SourceVersionDate "2015.10.08"]
[SourceQuality "1"]

1. e4 c5 2. Nf3 Nc6 3. d4 cxd4 4. Nxd4 Qc7 5. Nc3 e6 6. Be3 a6 7. Qd2 Nf6 8. 0-0-0 Be7 9. f3 b5 10. g4 Nxd4 11. Bxd4 Bb7 12. Be2 b4 13. Na4 d5 14. e5 Nd7 15. f4 Bc6 16. b3 Bxa4 17. bxa4 Qa5 18. f5 Qxa4 19. fxe6 fxe6 20. Kb1 Rc8 21. Rhf1 Nc5 22. Bxc5 Rxc5 23. Qd4 Qxc2+ 0-1

[Event "Collado Villalba op-A 32nd"]
[Site "Collado Villalba"]
[Date "2015.08.23"]
[Round "2"]
[White "Porras Fernandez, Alberto"]
[Black "Torres Samper, Rafael"]
[Result "0-1"]
[WhiteElo "1802"]
[BlackElo "1971"]
[PlyCount "58"]
[EventDate "2015.08.22"]
[EventType "swiss"]
[EventRounds "9"]
[EventCountry "ESP"]
[SourceTitle "EXT 2016"]
[Source "ChessBase"]
[SourceDate "2015.10.08"]
[SourceVersion "1"]
[SourceVersionDate "2015.10.08"]
[SourceQuality "1"]

1. e4 c5 2. Nf3 d6 3. d4 cxd4 4. Nxd4 Nf6 5. Nc3 a6 6. f3 e6 7. Be3 Be7 8. Qd2 Qc7 9. 0-0-0 b5 10. Kb1 Bb7 11. g4 h6 12. Bg2 Nbd7 13. h4 Ne5 14. g5 hxg5 15. hxg5 Rxh1 16. Rxh1 Nfd7 17. Rh8+ Nf8 18. Qe2 Rc8 19. f4 Nc4 20. Bc1 b4 21. Nd1 Qb6 22. Nb3 a5 23. Ne3 Ba6 24. Nxc4 Bxc4 25. Qe3 Qc7 26. f5 Bxg5 27. Qxg5 Bxb3 28. axb3 Qxc2+ 29. Ka2 a4 0-1

[Event "Collado Villalba op 30th"]
[Site "Collado Villalba"]
[Date "2013.08.31"]
[Round "9"]
[White "Torres Samper, Rafael"]
[Black "Aziz Ortego, Omar Luis"]
[Result "1-0"]
[WhiteElo "2004"]
[BlackElo "2029"]
[PlyCount "135"]
[EventDate "2013.08.23"]
[EventType "swiss"]
[EventRounds "9"]
[EventCountry "ESP"]
[SourceTitle "CBM 156 Extra"]
[Source "ChessBase"]
[SourceDate "2013.10.22"]
[SourceVersion "1"]
[SourceVersionDate "2013.10.22"]
[SourceQuality "1"]

1. e4 c5 2. Nf3 d6 3. d4 cxd4 4. Qxd4 a6 5. Bg5 Nc6 6. Qd2 h6 7. Bh4 g5 8. Bg3 Bg7 9. c3 Nf6 10. Qc2 Qc7 11. Nbd2 Be6 12. Nb3 Nb4 13. Qb1 Nxa2 14. Qxa2 Nxe4 15. Qa4+ Qc6 16. Nbd4 Qxa4 17. Rxa4 Bd7 18. Bb5 Nc5 19. Bxd7+ Kxd7 20. Ra1 Rhc8 21. 0-0 b5 22. Nf5 Bf8 23. Rad1 Na4 24. Rd2 f6 25. Re1 Rc5 26. N3d4 Rac8 27. f3 Nb6 28. Bf2 Nc4 29. Rde2 e5 30. Nc2 Nxb2 31. Bxc5 dxc5 32. Ra1 Rc6 33. Nce3 Na4 34. Rd2+ Ke8 35. c4 Rb6 36. Rad1 Rb8 37. Rd7 bxc4 38. Ng7+ Bxg7 39. Rxg7 Kf8 40. Rgd7 c3 41. Rd8+ Rxd8 42. Rxd8+ Ke7 43. Ra8 Kd7 44. Rxa6 Nb2 45. Kf1 f5 46. Ke2 f4 47. Nc2 h5 48. Ra3 Kc6 49. Rxc3 g4 50. Nb4+ Kb5 51. Nd3 gxf3+ 52. gxf3 Na4 53. Rc1 e4 54. fxe4 c4 55. Nxf4 Nc5 56. e5 Nb3 57. Rb1 Kc5 58. Ke3 h4 59. h3 Nd4 60. Rb8 Nf5+ 61. Kd2 Kd4 62. e6 c3+ 63. Kc1 Ke3 64. e7 Nxe7 65. Re8 Kxf4 66. Rxe7 Kg3 67. Re3+ Kg2 68. Rxc3 1-0

[Event "Collado Villalba op 30th"]
[Site "Collado Villalba"]
[Date "2013.08.24"]
[Round "2"]
[White "Labrador Cabello, Emmanuel"]
[Black "Torres Samper, Rafael"]
[Result "0-1"]
[WhiteElo "1880"]
[BlackElo "2004"]
[PlyCount "60"]
[EventDate "2013.08.23"]
[EventType "swiss"]
[EventRounds "9"]
[EventCountry "ESP"]
[SourceTitle "CBM 156 Extra"]
[Source "ChessBase"]
[SourceDate "2013.10.22"]
[SourceVersion "1"]
[SourceVersionDate "2013.10.22"]
[SourceQuality "1"]

1. d4 Nf6 2. Nf3 g6 3. Bf4 Bg7 4. e3 0-0 5. h3 d6 6. Be2 c5 7. c3 Qb6 8. Qb3 Qxb3 9. axb3 Nc6 10. Nbd2 Bf5 11. 0-0 a6 12. Nh4 Bd7 13. Nc4 Nd5 14. Bg3 cxd4 15. exd4 e5 16. dxe5 dxe5 17. Bxe5 Nxe5 18. Nxe5 Bxe5 19. Ra5 b5 20. Bf3 Bc6 21. c4 Nb4 22. cxb5 axb5 23. Rfa1 Rxa5 24. Rxa5 Rc8 25. g3 Bd7 26. Bg4 Bxg4 27. Rxb5 Be6 28. Rxe5 Rc1+ 29. Kh2 Rc2 30. Rb5 Nd3 0-1

[Event "Collado Villalba op-A 29th"]
[Site "Collado Villalba"]
[Date "2012.08.24"]
[Round "1"]
[White "Torres Samper, Rafael"]
[Black "Martin Rueda, Daniel"]
[Result "0-1"]
[WhiteElo "2000"]
[BlackElo "2297"]
[PlyCount "50"]
[EventDate "2012.08.24"]
[EventType "swiss"]
[EventRounds "9"]
[EventCountry "ESP"]
[SourceTitle "CBM 150 Extra"]
[Source "ChessBase"]
[SourceDate "2012.10.19"]
[SourceVersion "1"]
[SourceVersionDate "2012.10.19"]
[SourceQuality "1"]

1. e4 c5 2. Nf3 e6 3. d4 cxd4 4. Nxd4 Nf6 5. Nc3 d6 6. Bc4 Be7 7. Bb3 Na6 8. 0-0 Nc5 9. f4 0-0 10. Qf3 a6 11. Be3 Qc7 12. f5 e5 13. Nde2 Nxb3 14. axb3 b5 15. Nxb5 Qxc2 16. Nec3 Bb7 17. Rfc1 Qxb3 18. Ra3 Qxb2 19. Rb1 Qc2 20. Ra2 Qd3 21. Rd2 Qc4 22. Nxd6 Bxd6 23. Rxb7 Qxc3 24. Rxd6 Qe1+ 25. Qf1 Qxe3+ 0-1

[Event "Collado Villalba op 28th"]
[Site "Collado Villalba"]
[Date "2011.08.28"]
[Round "6"]
[White "Torres Samper, Rafael"]
[Black "Luna Hermoso, Angel"]
[Result "1-0"]
[WhiteElo "2015"]
[BlackElo "2046"]
[PlyCount "125"]
[EventDate "2011.08.23"]
[EventType "swiss"]
[EventRounds "9"]
[EventCountry "ESP"]
[SourceTitle "CBM 144 Extra"]
[Source "ChessBase"]
[SourceDate "2011.10.28"]
[SourceVersion "1"]
[SourceVersionDate "2011.10.28"]
[SourceQuality "1"]

1. e4 e5 2. Nf3 Nc6 3. Nc3 Nf6 4. Bb5 Bc5 5. Nxe5 Bxf2+ 6. Kxf2 Nxe5 7. Rf1 c6 8. Be2 d6 9. d4 Qb6 10. Kg1 Ng6 11. Bg5 Be6 12. Qd2 h6 13. Be3 Ng4 14. Bxg4 Bxg4 15. h3 Bd7 16. e5 dxe5 17. dxe5 Qa5 18. Rxf7 Nxe5 19. Rxd7 Nxd7 20. Qd6 Qe5 21. Qxe5+ Nxe5 22. Bd4 Nc4 23. Bxg7 Rh7 24. Bf6 Kf7 25. Bd4 Rd8 26. Ne2 Kg8 27. b3 Na3 28. Rc1 Nb5 29. c3 b6 30. a4 Nd6 31. b4 Nc4 32. Nf4 Re8 33. Nh5 Rf7 34. Nf6+ Rxf6 35. Bxf6 Re2 36. Bd4 Ra2 37. Rf1 Rxa4 38. Rf6 c5 39. bxc5 bxc5 40. Bxc5 h5 41. Rh6 Ra1+ 42. Kh2 a5 43. Rxh5 Nd2 44. g4 a4 45. Bd4 a3 46. Ra5 Ra2 47. Kg3 Nb3 48. Ra7 Ra1 49. Bf6 a2 50. c4 Rf1 51. g5 a1Q 52. Bxa1 Nxa1 53. c5 Nb3 54. c6 Rf8 55. Rd7 Nc5 56. Rd5 Ne6 57. Re5 Re8 58. Kg4 Re7 59. c7 Rxc7 60. Rxe6 Rc4+ 61. Kh5 Kf7 62. Ra6 Rc7 63. Kh6 1-0

[Event "San Pedro del Pinatar op 1st"]
[Site "San Pedro del Pinatar"]
[Date "2010.01.17"]
[Round "6"]
[White "Torres Samper, Rafael"]
[Black "Murcia Paredes, Angel"]
[Result "0-1"]
[WhiteElo "2051"]
[BlackElo "2113"]
[PlyCount "121"]
[EventDate "2010.01.15"]
[EventType "swiss"]
[EventRounds "7"]
[EventCountry "ESP"]
[SourceTitle "CBM 134 Extra"]
[Source "ChessBase"]
[SourceDate "2010.03.03"]
[SourceVersion "1"]
[SourceVersionDate "2010.03.03"]
[SourceQuality "1"]

1. e4 e5 2. Nf3 Nc6 3. Nc3 Nf6 4. Bb5 Bb4 5. 0-0 0-0 6. d3 Bxc3 7. bxc3 d6 8. h3 Qe7 9. Re1 Nd8 10. d4 c6 11. Bc4 Re8 12. a4 h6 13. Nh4 Kh8 14. Nf5 Bxf5 15. exf5 e4 16. g4 d5 17. Bf1 b6 18. h4 Nh7 19. g5 hxg5 20. hxg5 Nxg5 21. Qh5+ Nh7 22. Bf4 f6 23. Re3 Nf7 24. Rh3 Nh6 25. Be2 Ng5 26. Rg3 Rf8 27. Kg2 Kg8 28. Rh1 a6 29. Qh2 e3 30. Rxe3 Qd7 31. Bd3 b5 32. Qh5 Rae8 33. Bxg5 fxg5 34. Rxe8 Qxe8 35. Qxg5 Qd8 36. Qg6 Rf6 37. Qh5 Qd6 38. Re1 Rf8 39. Qg6 Qf4 40. f6 Qg4+ 41. Qxg4 Nxg4 42. fxg7 Kxg7 43. f3 Nf6 44. Re7+ Rf7 45. Re6 Rc7 46. a5 Kf7 47. Re5 Ng8 48. Kg3 Ne7 49. Kg4 Nc8 50. Kg5 Nd6 51. f4 Re7 52. Bg6+ Kf8 53. Rxe7 Kxe7 54. Bd3 Nb7 55. Kg6 Kf8 56. Kf6 Nxa5 57. Ke6 Nb7 58. Kd7 a5 59. c4 bxc4 60. Kxc6 cxd3 61. cxd3 0-1

[Event "Collado Villalba op-A 26th"]
[Site "Collado Villalba"]
[Date "2009.08.22"]
[Round "2"]
[White "Castano, Henry Augusto"]
[Black "Torres Samper, Rafael"]
[Result "0-1"]
[WhiteElo "2203"]
[BlackElo "2061"]
[PlyCount "110"]
[EventDate "2009.08.21"]
[EventType "swiss"]
[EventRounds "9"]
[EventCountry "ESP"]
[SourceTitle "CBM 132 Extra"]
[Source "ChessBase"]
[SourceDate "2009.11.03"]
[SourceVersion "1"]
[SourceVersionDate "2009.11.03"]
[SourceQuality "1"]

1. e4 c5 2. Nf3 d6 3. d4 cxd4 4. Nxd4 Nf6 5. Nc3 a6 6. Be2 e6 7. f4 Qc7 8. 0-0 Be7 9. Kh1 0-0 10. a4 Nc6 11. Be3 Bd7 12. Nb3 b6 13. Bf3 Rab8 14. Qe2 Nb4 15. g4 d5 16. e5 Ne4 17. Nxe4 dxe4 18. Bxe4 Bc6 19. Bf3 Bxf3+ 20. Qxf3 Qxc2 21. Nd4 Qc7 22. Rac1 Qd7 23. Nc6 Nxc6 24. Qxc6 Qd3 25. Bxb6 h6 26. a5 Rbc8 27. Qg2 Rxc1 28. Rxc1 f6 29. exf6 Bxf6 30. Re1 Re8 31. Qc6 Kf7 32. f5 Qd5+ 33. Qxd5 exd5 34. Rd1 d4 35. Rd2 Re4 36. h3 Ke7 37. Kg2 Kd6 38. Rd3 Kd5 39. b3 Re1 40. Kf3 Rh1 41. Kg2 Rc1 42. h4 Ke4 43. Rh3 Rc6 44. Rh1 Rc2+ 45. Kh3 d3 46. Rd1 Be5 47. g5 h5 48. Bg1 d2 49. Kg2 Kd3 50. Bh2 Bxh2 51. Kxh2 Rc1 52. f6 gxf6 53. Rxd2+ Kxd2 54. g6 Ke3 55. b4 Rc4 0-1

[Event "Galapagar op 10th"]
[Site "Galapagar"]
[Date "2009.07.22"]
[Round "5"]
[White "Torres Samper, Rafael"]
[Black "Martin Duque, Jesus"]
[Result "0-1"]
[WhiteElo "2061"]
[BlackElo "1930"]
[PlyCount "110"]
[EventDate "2009.07.18"]
[EventType "swiss"]
[EventRounds "9"]
[EventCountry "ESP"]
[SourceTitle "EXT 2010"]
[Source "ChessBase"]
[SourceDate "2010.11.25"]
[SourceVersion "1"]
[SourceVersionDate "2010.11.25"]
[SourceQuality "1"]

1. e4 e6 2. d4 d5 3. Nc3 Bb4 4. e5 b6 5. Qg4 Bf8 6. f4 Qd7 7. Nf3 Nc6 8. Bb5 Nge7 9. 0-0 Bb7 10. Nd1 a6 11. Ba4 0-0-0 12. c3 g6 13. b4 Kb8 14. Ne3 Nf5 15. Ne1 Be7 16. Qe2 Ncxd4 17. cxd4 Qxa4 18. Nxf5 gxf5 19. Nd3 Rdg8 20. Bd2 Rg7 21. Bc3 Rhg8 22. Rf2 Rg4 23. Qd2 h5 24. Kh1 Bh4 25. Re2 Bc6 26. Qc2 Qxc2 27. Rxc2 Bb5 28. Nb2 Bd8 29. a4 Be8 30. a5 Bb5 31. axb6 cxb6 32. g3 h4 33. Be1 hxg3 34. hxg3 Kb7 35. Rac1 Bd7 36. Rh2 R4g7 37. Kg2 f6 38. Nd3 Bb5 39. exf6 Bxf6 40. Ne5 Bxe5 41. dxe5 d4 42. Rh6 Re8 43. Kf3 Rd7 44. Bd2 Bc6+ 45. Kf2 Be4 46. Ke2 Rc7 47. Rxc7+ Kxc7 48. Rh7+ Kc6 49. Ra7 Kb5 50. Rd7 d3+ 51. Ke3 Rg8 52. Kf2 Rg6 53. Rf7 Rh6 54. Rf6 Rh2+ 55. Ke3 Re2+ 0-1

[Event "Galapagar op 10th"]
[Site "Galapagar"]
[Date "2009.07.19"]
[Round "2"]
[White "Pareja Alvarez, Diego"]
[Black "Torres Samper, Rafael"]
[Result "1/2-1/2"]
[WhiteElo "1906"]
[BlackElo "2061"]
[PlyCount "109"]
[EventDate "2009.07.18"]
[EventType "swiss"]
[EventRounds "9"]
[EventCountry "ESP"]
[SourceTitle "EXT 2010"]
[Source "ChessBase"]
[SourceDate "2010.11.25"]
[SourceVersion "1"]
[SourceVersionDate "2010.11.25"]
[SourceQuality "1"]

1. e4 c5 2. Nf3 d6 3. d4 cxd4 4. Nxd4 Nf6 5. Nc3 a6 6. f4 Qc7 7. Be3 b5 8. a3 Bb7 9. Bd3 Nbd7 10. Qf3 e6 11. g4 h6 12. 0-0 Nc5 13. Nb3 d5 14. Nxc5 Bxc5 15. Bxc5 Qxc5+ 16. Rf2 h5 17. gxh5 0-0-0 18. Re1 d4 19. Ne2 Rxh5 20. c3 dxc3 21. Nxc3 Rxd3 22. Qxd3 Ng4 23. Nd1 Nxf2 24. Nxf2 f5 25. Qe3 Qxe3 26. Rxe3 Rh4 27. exf5 exf5 28. Rg3 Rxf4 29. Rxg7 Rc4 30. Nd3 Rc2 31. Rg3 Be4 32. b4 Kd7 33. h4 Kd6 34. Nf2 Ke5 35. h5 Kf4 36. Rh3 Rc1+ 37. Kh2 Rc2 38. Kg1 Rc1+ 39. Kh2 Rc7 40. h6 Rh7 41. Nxe4 fxe4 42. Kg2 Ke5 43. Kf2 Kd4 44. Ke2 e3 45. Rh4+ Kc3 46. Kxe3 Kb3 47. Kf4 Kxa3 48. Kg5 Rc7 49. Rf4 a5 50. bxa5 b4 51. Kg6 b3 52. h7 b2 53. Rf1 Rc1 54. Rxc1 bxc1Q 55. h8Q 1/2-1/2

[Event "Collado Villalba op-A 25th"]
[Site "Collado Villalba"]
[Date "2008.08.29"]
[Round "8"]
[White "Torres Samper, Rafael"]
[Black "Martinez de Miguel, Pedro"]
[Result "1/2-1/2"]
[WhiteElo "2068"]
[BlackElo "2172"]
[PlyCount "86"]
[EventDate "2008.08.22"]
[EventType "swiss"]
[EventRounds "9"]
[EventCountry "ESP"]
[SourceTitle "CBM 126 Extra"]
[Source "ChessBase"]
[SourceDate "2008.11.05"]
[SourceVersion "1"]
[SourceVersionDate "2008.11.05"]
[SourceQuality "1"]

1. e4 c5 2. Nf3 d6 3. d4 cxd4 4. Qxd4 Nc6 5. Bb5 Bd7 6. Bxc6 Bxc6 7. Nc3 e6 8. Bg5 Qc7 9. 0-0-0 h6 10. Bh4 e5 11. Qd3 g5 12. Bg3 a6 13. Nd2 Nf6 14. Nc4 0-0-0 15. f3 b5 16. Ne3 Be7 17. Ncd5 Nxd5 18. Nxd5 Qb7 19. Qc3 Rhe8 20. h4 Kb8 21. Nxe7 Rxe7 22. hxg5 hxg5 23. Rh6 Red7 24. Rhxd6 f6 25. Qc5 Qc7 26. Rxd7 Rxd7 27. Rxd7 Qxd7 28. Bf2 Kc8 29. Qf8+ Qd8 30. Qf7 Qd6 31. Be1 Bd7 32. Qg8+ Kb7 33. Qd5+ Qxd5 34. exd5 g4 35. Bb4 gxf3 36. gxf3 Be8 37. Kd2 Bf7 38. d6 Kc6 39. Ke3 Bg6 40. c3 Bb1 41. f4 Bf5 42. fxe5 fxe5 43. a4 Kd5 1/2-1/2